| 000 | 00359nam a22001337a 4500 | ||
|---|---|---|---|
| 020 | _a0-13-709030-7 | ||
| 082 | _a621.382 MAN'P | ||
| 100 |
_aMANDL, M _977329 |
||
| 245 | _aPRINCIPLES OF ELECTRONIC COMMUNICATIONS | ||
| 260 |
_aNEWJERSCY _bPRENTICE HALL _c1973 |
||
| 300 | _a339P | ||
| 650 |
_aTELECOMMUNICATION SIGNAL THEORY ELECTRONICS _978104 |
||
| 942 | _cBK | ||
| 999 |
_c583256 _d583256 |
||